000 01009cam a22002415a 4500
001 L150087
008 100601e2010 xxk 000 0 eng d
035 _a(Sirsi) u150087
041 0 _aeng
100 1 _aWhitten, Nick
245 0 0 _aSpecial report
_blow carbon
_bthe great British refurb; carbon capture opportunity; what Part L means to you.
260 n _c2010
490 _aConstruction News
_v7169 27 May 2010, 38-46(7)
520 _aSpecial report on low carbon in the UK examines the implications of refurbishing housing under EU regulations; research into capturing and storing carbon and the necessary commercial preparation; CCS plants; relevant Building Regulations; all new buildings to be zero-carbon by 2020; building inspectors; specifications.
590 _aKA
651 4 _aUnited Kingdom
_y
690 _aBUILT ENVIRONMENT-SUSTAINABLE CONSTRUCTION
700 1 _aRennison, Andy
700 1 _aSchunmann, Damon
700 1 _aBoley, James
700 1 _aWilkinson, Geoff
942 _n0
999 _c82389
_d82389